Patrick Swayze Movies Quiz Stats

 Plays Quiz Updated Jan 1, 2018

Score 0/31 Timer 10:00
1 Play Today
Year Movie % Correct
1987Dirty Dancing
93.8%
1990Ghost
83%
1989Road House
67.2%
1991Point Break
45.2%
1983The Outsiders
40.2%
1984Red Dawn
33.5%
2001Donnie Darko
24.1%
1995To Wong Foo Thanks for Everything, Julie Newmar
19.4%
1998Black Dog
15.4%
1989Next of Kin
14.9%
1995Tall Tale
12.2%
1986Youngblood
10.3%
1987Steel Dawn
6.7%
1993Father Hood
6.3%
1992City of Joy
6.2%
1995Three Wishes
5.7%
Year Movie % Correct
1983Uncommon Valor
5.6%
2005Keeping Mum
5.5%
2009Powder Blue
5.1%
1979Skatetown, U.S.A.
5%
1984Grandview, U.S.A.
5%
1988Tiger Warsaw
4.6%
2002Waking Up in Reno
4.6%
200311:14
4.5%
2001Green Dragon
4.3%
2003One Last Dance
4.2%
2007Jump!
3.8%
1998Letters from a Killer
3.8%
2007Christmas in Wonderland
3.8%
2000Forever Lulu
3.6%
2004George and the Dragon
3.5%

You're not logged in!

Compare scores with friends on all Sporcle quizzes.
OR
Log In

Sporcle TV

Today on Sporcle TV


Watch our educational content, quiz creation guides, and fun videos on Sporcle TV.

Show Comments

Extras

Top Quizzes Today


Score Distribution

Your Account Isn't Verified!

In order to create a playlist on Sporcle, you need to verify the email address you used during registration. Go to your Sporcle Settings to finish the process.

Report this User

Report this user for behavior that violates our Community Guidelines.

Details: